00713nam a2200241 a 4500001001300000003000900013005001700022008004100039020000800080082001500088100002600103245005900129260003000188300000800218500003500226505001900261650002400280700002600304902000800330942000700338952011100345999001500456nice12345678IN_TiNIC20260116011652.0050524s0000 lona grp 000 0 eng  ac000a268.6bLAN aLandour Drama Group,  aMargaret Opens the Door, His Father`s House, Two Plays aLondonbCarey Pressc0000 a16p aincludes index and biblioraphy2 aReserve copies aChristian-Education1 aLandour Drama Group,  bSRS cBK 001040708StackRoom-aHMIbHMId2005-05-24g0.00l0o268.6 LANp05204r2005-05-24v0.00w2005-05-24yBK c3279d3279